000 00521nam a2200157 a 4500
008 161013s2009 ||||||||||||||||| || u
020 _a9780340953624
050 _aPR 6104.A848 Z455
100 _aDavid, Saul
245 1 0 _aZulu Hart
_cSaul David
260 _aLondon
_bHodder and Stoughton
_c2009
300 _a376 p.
350 _a12.72
650 _aENGLISH LANGUAGE
995 _FCBU-MAIN LIBRARY (Kitwe)
_I12.72
_M1
_UAVAILABLE
_WOct 13, 2016
_ZFiction Collection
999 _c62464
_d62464